000 02062nam0a2200373 4500
001 RU\NLR\bibl\72533
005 20250616100137.0
010 _a5-7578-0058-5
_912000
021 _aRU
_b1999-43570
_92144
035 _a(NLR Aleph) 000070771
090 _a390110
_c390110
100 _a20000228d1999 |||y0rusy50 ca
101 0 _arus
102 _aRU
105 _aa |||||||||
200 1 _aЗащита сада и огорода от болезней и вредителей
_e[Без химикатов сад, огород]
_fКудрявец Р.П., Приходько Ю.Н., Корганова Н.Н. и др.
210 _aМ.
_cМСП
_d1999
215 _a380,[1] с.
_cил.
_d20
320 _aПредм. указ.: с. 372-377
606 0 _aОвощные культуры
_jПопулярная литература
_xБолезни и вредители
_xБиологические методы борьбы
_91061176
_3RU\NLR\auth\6693456
606 0 _aОвощные культуры
_jПопулярные издания
_xБолезни и вредители
_xБорьба с ними
_xБиологические методы
_92584452
_3RU\NLR\auth\661527645
606 0 _aПлодовые культуры
_jПопулярная литература
_xБолезни и вредители
_xБиологические методы борьбы
_91254174
_3RU\NLR\auth\66513931
606 0 _aПлодовые культуры
_jПопулярные издания
_xБолезни и вредители
_xБорьба с ними
_xБиологические методы
_92538391
_3RU\NLR\auth\661503000
686 _aП491.4-53я9
686 _aП491.5-53я9
701 1 _aКудрявец
_bР. П.
_gРоман Петрович
_4070
701 1 _aПриходько
_bЮ. Н.
_gЮрий Николаевич
_4070
701 1 _aКорганова
_bН. Н.
_gНина Николаевна
_4070
801 0 _aRU
_bNLR
_c20000228
_gPSBO
801 1 _aRU
_bNLR
_c20000228
852 _aNLR
_j99-3/19562
942 _cBOOK
980 _aNB